书目信息 |
| 题名: |
昆虫的故事
|
|
| 作者: | 派奇 著 ;亢海宏 , 洪梅 译 | |
| 分册: | ||
| 出版信息: | 天津 百花文艺出版社 2016 |
|
| 页数: | 295页 | |
| 开本: | 21cm | |
| 丛书名: | ||
| 单 册: | ||
| 中图分类: | H319.4 , Q96 | |
| 科图分类: | ||
| 主题词: | 英语--ying yu--汉语--对照读物 , 昆虫--kun chong--普及读物 | |
| 电子资源: | ||
| ISBN: | 978-7-5306-6913-6 | |
| 000 | 01005nam0 22002891 450 | |
| 001 | 0122100746 | |
| 005 | 20170322100746.0 | |
| 010 | @a978-7-5306-6913-6@dCNY28.00 | |
| 100 | @a20160905d2016 em y0chiy50 ea | |
| 101 | 2 | @achi@aeng@ceng |
| 102 | @aCN@b120000 | |
| 105 | @aa z 000yy | |
| 106 | @ar | |
| 200 | 1 | @a昆虫的故事@9kun chong de gu shi@dHexapod stories@f(美)伊迪丝·M. 派奇著@g亢海宏,洪梅译@zeng |
| 210 | @a天津@c百花文艺出版社@d2016 | |
| 215 | @a295页@c图@d21cm | |
| 330 | @a本书介绍了12种常见的昆虫,讲述了12则奇妙的昆虫故事。包括蝴蝶、黄蜂、锯蜂、角蝉、蜻蜓等。 | |
| 510 | 1 | @aHexapod stories@zeng |
| 606 | 0 | @a英语@9ying yu@x汉语@j对照读物 |
| 606 | 0 | @a昆虫@9kun chong@j普及读物 |
| 690 | @aH319.4@v5 | |
| 690 | @aQ96@v5 | |
| 701 | 0 | @c(美)@a派奇@9pai qi@c(女,Patch, Edith Marion@f1876~1954)@4著 |
| 702 | 0 | @a亢海宏@9kang hai hong@c(女,@f1966~)@4译 |
| 702 | 0 | @a洪梅@9hong mei@c(英文编辑)@4译 |
| 801 | 0 | @aCN@bTANGWEI@c20170308 |
| 905 | @b0959462-5@dH319.4@e1822@f4 | |
| 昆虫的故事=Hexapod stories/(美)伊迪丝·M. 派奇著/亢海宏,洪梅译.-天津:百花文艺出版社,2016 |
| 295页:图;21cm |
| ISBN 978-7-5306-6913-6:CNY28.00 |
| 本书介绍了12种常见的昆虫,讲述了12则奇妙的昆虫故事。包括蝴蝶、黄蜂、锯蜂、角蝉、蜻蜓等。 |
| ● |
| 相关链接 |
|
|
|
|
正题名:昆虫的故事
索取号:H319.4/1822
 
预约/预借
| 序号 | 登录号 | 条形码 | 馆藏地/架位号 | 状态 | 备注 |
| 1 | 0959462 | 209594624 | 第二样本阅览室/ [索取号:H319.4/1822] | 在馆 | |
| 2 | 0959463 | 209594633 | 第四借阅区/ [索取号:H319.4/1822] | 在馆 | |
| 3 | 0959464 | 209594642 | 第四借阅区/ [索取号:H319.4/1822] | 在馆 | |
| 4 | 0959465 | 209594651 | 第四借阅区/ [索取号:H319.4/1822] | 在馆 |